000 00349nam a22001451a 4500
082 _aH2
_bAMI/E
245 _aEkanki manch/
_cby Amitabh V P (ed.)
260 _aMathura:
_bJawahar Pustakalaya,
_c1999.
300 _a96p.
650 _aDrama Hindi
650 _aLiterature Hindi
650 _aLiterature
700 _aAmitabh V P (ed.)
942 _cBK
999 _c12183
_d12183